عرض عادي عرض مارك
  • International Union of Pure and Applied Chemistry.

مدخل إسم هيئة

عدد التسجيلات المستخدمة في: 1

001 - رقم الضبط

  • حقل الضبط: 11963

003 - معرف رقم الضبط

  • حقل الضبط: OSt

005 - تاريخ ووقت أخر عملية

  • حقل الضبط: 20120423225113.0

008 - عناصر بيانات ثابتة الطول

  • حقل تحكم ثابت الطول: 120423|||a|||||| | ||| d

040 ## - مصدر الفهرسة

  • هيئة الفهرسة الأصلية: OSt
  • وكالة الكتابة: OSt

110 ## - مدخل -- أسم شخص

  • اسم الهيئه او اسم السلطه كعنصر مدخل: International Union of Pure and Applied Chemistry.
  • الوحده الفرعيه: Physical and Biophysical Chemistry Division.

670 ## - بيانات المصدر موجوده

  • الاستشهاد بالمصدر: Work cat.: (OSt)23496: Applied thermodynamics of fluids /, c2010.